| 000 | 00342nam a2200109Ia 4500 | ||
|---|---|---|---|
| 008 | 171204s9999 xx 000 0 und d | ||
| 245 | _a3D Game Textures: Create Professional Game Art Using Photoshop: | ||
| 245 | _cLuke Ahearn | ||
| 260 | _c2016 | ||
| 650 | _xGAME DESIGN AND PRODUCTION | ||
| 856 | _uhttp://down.ebook777.com/039/1138920061.pdf | ||
| 999 |
_c346320 _d346320 |
||